000 00779nam a22002057a 4500
999 _c11757
_d11757
003 AR-CdUCM
008 190404b ||||| |||| 00| 0 spa d
040 _aMUNICIPALIDAD PROVINCIAL DEL CUSCO
_cBIBLIOTECA MUNICIPAL DEL CUSCO
082 _a609 /
_bSA113 / 1951
100 _aSabato, Ernesto
_929270
245 _aHombres y engranajes :
_bReflexiones sobre el dinero, la razón y el derrumbe de nuestro tiempo /
260 _aBuenos Aires :
_bEmecé,
_c1951.
300 _a129 páginas ;
_c21 cm.
505 _aContenido: La esencia del renacimiento -- El universo abstracto -- La Rebelión del hombre ...
650 _a-Filosofía
_9395
650 _aTecnología y civilización
_94578
650 _aExistencialismo
_914068
942 _2ddc
_cLIBROS
945 _acmm
_d2019-04-04